000 00674nam a2200241Ia 4500
003 OSt
005 20220918221642.0
006 a|||||r|||| 00| 0
007 ta
008 220917b |||||||| |||| 00| 0 eng d
024 _a202,381
037 _cTextual
040 _aARTS
_cARTS
_beng
041 _2eng
_aeng
082 _aSM9:523, P1
100 _aGay Volney P.
_9141112
245 0 _aJoy and the objects of psychoanalysis
_b Literature, belief and neurosis
260 _aNew York
_bState university of New
_c2001
300 _axi, 243 p
_ccm.
650 _aPSYCHOLOGY
942 _hSM9:523, P1
_cTEXL
_2CC
999 _c273269
_d273269